000 00397nam a2200181Ia 4500
001 10006
005 20260306161800.0
008 260306t1961||||xx |||||||||||||| ||spa||
041 _aESP
082 _a869.56
_bR68
100 _aRiva, Carlos de la
_eAUT
245 0 _aDonde nace la aurora
260 _c1961
300 _a
_c
650 _aGEN
654 _aCHU
942 _cLIB
_dJUS
_fJUS
_2ddc
_n
999 _c10006
_d10006